| 000 | 00794nam a2200265Ia 4500 | ||
|---|---|---|---|
| 003 | OSt | ||
| 005 | 20220925204935.0 | ||
| 006 | a|||||r|||| 00| 0 | ||
| 007 | ta | ||
| 008 | 220923b |||||||| |||| 00| 0 eng d | ||
| 037 | _cGeneral Book | ||
| 040 |
_aRTL _cRTL _beng |
||
| 041 |
_2eng _aeng |
||
| 082 | _aY:3(P), L8 | ||
| 100 |
_aLoflin Marvin D _9269294 |
||
| 245 | 0 | _aDiscourse and inference in cognitive anthropology | |
| 260 |
_aHague _bMouton _c1978 |
||
| 300 |
_axiii, 311p _ccm. |
||
| 490 | _aWorld Anthropology | ||
| 500 | _aBibliography chapterwise | ||
| 650 |
_aSociology of Language _9231513 |
||
| 700 |
_a Silverberg James Sil Ed. _9269295 |
||
| 942 |
_hY:3(P), L8 _cGB _2CC |
||
| 999 |
_c550817 _d550817 |
||